000 00248nam a22000977a 4500
008 221007b |||||||| |||| 00| 0 eng d
020 _a9789383182497
100 _aSharma R.D
245 _aMathematics-6
260 _aNew Delhi
_bDhanpat Publication
_c2022
999 _c12063
_d12063